|
|
|
|
| LEADER |
00000nab a2200000 a 4500 |
| 001 |
vtls000856323 |
| 003 |
SK-MaSNL |
| 005 |
20260303190423.0 |
| 008 |
160324s2002 xo 0 cze |
| 015 |
|
|
|a SNBRA2003/12-36312
|
| 035 |
|
|
|a CLN000207978
|
| 040 |
|
|
|a SNKBUCL
|b slo
|c SNKBUCL
|e AACR2
|
| 041 |
0 |
|
|a cze
|
| 044 |
|
|
|a xo
|c SK
|
| 080 |
|
|
|a 903.23(437.2)"636":902
|2 1997
|
| 080 |
|
|
|a 902.2(437.2)
|2 1997
|
| 100 |
1 |
|
|a Kazdová, Eliška
|4 aut
|9 1218723
|
| 245 |
1 |
0 |
|a Antropomorfní nádoba lengyelskej kultúry z Těšetic-Kyjovic, JZ Morava
|c Eliška Kazdová
|
| 300 |
|
|
|b Obr.
|
| 504 |
|
|
|a Res. angl.
|
| 504 |
|
|
|a Bibliogr. odkazy
|
| 650 |
0 |
7 |
|a antropomorfné nádoby
|2 snkbucl
|9 1218724
|
| 650 |
0 |
7 |
|a lengyelská kultúra
|2 snkbucl
|9 73753
|
| 650 |
0 |
7 |
|a kultúra moravskej maľovanej keramiky
|2 snkbucl
|9 1218725
|
| 651 |
|
7 |
|a Těšetice-Kyjovice (Česko : archeologická lokalita)
|2 snkbucl
|9 1183348
|
| 655 |
|
7 |
|a články zo zborníkov
|2 snkbucl
|9 166140
|
| 773 |
0 |
|
|z 8088709571
|t Otázky neolitu a eneolitu našich krajín - 2001
|d Nitra : Archeologický ústav SAV, 2002
|g S. 129-136
|
| 850 |
|
|
|a Slovenská národná knižnica v Martine
|
| 852 |
|
|
|a SNK
|b KIS3GCP
|
| 958 |
|
|
|a NB
|
| 958 |
|
|
|a CZ
|
| 999 |
|
|
|c 2136178
|d 2138108
|